Ökonomische Überlegungen zur Ausgestaltung von Verordnungen und Verträgen mit Produktionsauflagen zum Umwelt- und Naturschutz.
Zákony a nariadenia na limitovanie výroby na určitých plochách. Účelom je ochrana zdrojov a prírody. Riadenie ponuky na obrábané plochy prostredníctvom kompenzačných platieb. Kontrolný mechanizmus dodržiavania zmlúv o limitovaní výroby. Optimálny model parametrov zmlúv. Maximálna výška pokút.
Salvato in:
| Autore principale: | |
|---|---|
| Natura: | Capitolo di libro |
| Lingua: | tedesco |
| Soggetti: | |
| Tags: |
Nessun Tag, puoi essere il primo ad aggiungerne!!
|
MARC
| LEADER | 00000naa a2200000 4500 | ||
|---|---|---|---|
| 001 | r012023 | ||
| 005 | 20220826094517.5 | ||
| 041 | 0 | |a ger | |
| 044 | |a DE | ||
| 245 | 1 | 0 | |a Ökonomische Überlegungen zur Ausgestaltung von Verordnungen und Verträgen mit Produktionsauflagen zum Umwelt- und Naturschutz. |c C.-H. Hanf |
| 520 | |a Zákony a nariadenia na limitovanie výroby na určitých plochách. Účelom je ochrana zdrojov a prírody. Riadenie ponuky na obrábané plochy prostredníctvom kompenzačných platieb. Kontrolný mechanizmus dodržiavania zmlúv o limitovaní výroby. Optimálny model parametrov zmlúv. Maximálna výška pokút. | ||
| 610 | 2 | 0 | |a poľnohospodárstvo |
| 610 | 2 | 0 | |a ochrana prírody |
| 610 | 2 | 0 | |a Nemecko |
| 610 | 2 | 0 | |a programy vládne |
| 610 | 2 | 0 | |a roľníci |
| 610 | 2 | 0 | |a zmluvy hospodárske |
| 610 | 2 | 0 | |a subvencie |
| 610 | 2 | 0 | |a pokuty |
| 610 | 2 | 0 | |a kontrola |
| 610 | 2 | 0 | |a modely mikroekonomické |
| 610 | 2 | 0 | |a optimalizácia |
| 100 | 1 | |a Hanf, C.-H. | |